000
00277pam a2200121 a 4500
020
_c
041
_a
eng
100
_a
Laski.H.J.
245
_a
Reflectionary Onthe rRevoluytion For Time
_h
Textual Documents
260
_a
[s.l]:
_b
George Allen
300
_a
367p.
930
_a
15367
999
_c
92267
_d
92267